000
00282nam a2200121Ia 4500
100
_a
Doyle/L.E
942
_c
BK
654
_a
Materials
245
_a
Mfg.Processes & Materials For Engineers
260
_b
Prentice Hall of India
_a
NewDelhi
_c
1975
300
_a
862
546
_a
ENGLISH
999
_c
19838
_d
19838